Computer intensive statistical methods: validation model selection and bootstrap

Spremljeno u:
Bibliografski detalji
Glavni autor: Hjorth, Urban (Autor)
Format: Knjiga
Jezik:engleski
Izdano: Londres Chapman and Hall 1994
Teme:
Oznake: Dodaj oznaku
Bez oznaka, Budi prvi tko označuje ovaj zapis!

MARC

LEADER 00000nam a2200000 a 4500
001 UCS2977
003 CL-VaPUC
008 970609e19940000UK |||||||||||||||||eng|d
082 0 4 |a 519  |b HJO  |2 21 
100 0 |a Hjorth, Urban  |e author  |9 388896 
245 1 0 |a Computer intensive statistical methods: validation model selection and bootstrap 
300 |a 263 p 
942 |c BK 
945 |d 19970609 00:00:00  |a amoreno 
260 |a Londres  |b Chapman and Hall  |c 1994 
650 7 |a MODELOS  |2 CL-VaPUC  |9 262523 
650 7 |a COMPUTACION  |2 CL-VaPUC  |9 350582 
650 0 |a Validación  |9 352301 
650 7 |a ESTIMACIONES  |2 CL-VaPUC  |9 373806 
650 7 |a METODOS  |2 CL-VaPUC  |9 335948 
650 7 |a MODELOS A ESCALA  |2 CL-VaPUC  |9 388897 
650 7 |a TEOREMAS  |2 CL-VaPUC  |9 350068 
650 7 |a PARAMETROS  |2 CL-VaPUC  |9 358353 
650 0 |a Predicción   |9 334578 
650 7 |a COMPUTACION APLICADA A LA ESTADISTICA  |2 CL-VaPUC  |9 388898 
583 |a last modification  |c 19970609 00:00:00  |k Rodrigo Vera 
999 |c 260849  |d 260847 
952 |0 0  |1 0  |4 0  |6 519_000000000000000_HJO_1994  |7 0  |8 A  |9 287371  |a BIBGIM  |b BIBGIM  |d 2019-11-19  |i 3315118  |l 1  |o 519 HJO 1994  |p 3315118  |r 2025-01-15  |s 2022-07-08  |w 2019-11-19  |y BK  |k EST